| 000 | 00933nam a2200205 i 4500 | ||
|---|---|---|---|
| 001 | 189543 | ||
| 003 | ES-MaACL | ||
| 005 | 20230906223510.0 | ||
| 008 | 190610s1844 be bf |||| | fre d | ||
| 100 | 1 |
_aGuibal, Th. _9167327 |
|
| 245 | 1 | 0 |
_aRapport sur les mines de houille de l'Angleterre, adressé à la Société de Commerce de Bruxelles et à Mr. E. Hainbeaux / _cpar Th. Guibal, Al. Boty, G. Glepin. |
| 246 | 3 | 5 |
_iTít. de anteport. _aVoyage en Angleterre _b: rapport sur les mines de houille. _nPremière partie |
| 260 |
_aMons [Bélgica] : _bEmm. Hoyois, _c1844. |
||
| 300 |
_a[1] h. de mapa col. pleg., XX, 137 p., XXV h. de lám. ; _c30 cm. |
||
| 599 | _aMapa geológico de Inglaterra, Escocia y Gales. | ||
| 650 | 4 |
_aMinas de carbón- _zGran Bretaña. _9167330 |
|
| 700 | 1 |
_aBoty, Al. _9167328 |
|
| 700 | 1 |
_aGlepin, G. _9167329 |
|
| 852 |
_aES-MaACL _jL-32437 _z- Enc. cart. _z. - Legado Federico de Botella y de Hornos |
||
| 999 |
_c189543 _d189543 |
||